000 01337nam a2200397 i 4500
001 14673
003 KOSZ 005
005 20191116084147.0
008 071116s1966 pl ab f 000 0 pol
015 _aPB 1966/6207
035 _a991038388829705066
035 _a(PL-WaBN)b20279607-48omnis_nlop
035 _ab20279607
035 _a(OCoLC)831189871
035 _a(PL)b0000002027960
035 _a(EXLNZ-48OMNIS_NETWORK)9910385095405606
040 _aWA N
_cWA N
_dKOSZ 005/KK
080 _a691
080 _a631
100 1 _aGołębiowski, Henryk.
_eAutor
245 1 0 _aWytwarzamy prefabrykaty z materiałów miejscowych /
_cHenryk Gołębiowski, Stanisław Sznuk.
260 _aWarszawa :
_bPaństwowe Wydawnictwo Rolnicze i Leśne,
_c1966.
300 _a111, [1] strona :
_bilustracje, mapa ;
_c23 cm.
336 _2rdacontent
_aTekst
_btxt
337 _2rdamedia
_aBez urządzenia pośredniczącego
_bn
338 _2rdacarrier
_aWolumin
_bnc
380 _aKsiążki
388 _a1901-2000
650 _aBudownictwo wiejskie
650 _aPrefabrykaty
658 _aArchitektura i budownictwo
700 1 _aSznuk, Stanisław.
856 _uhttp://koha.tu.koszalin.pl/cgi-bin/koha/opac-detail.pl?biblionumber=14673
_yKatalog online BPK
942 _2UKD
_cKS
999 _c14673
_d14673